Biggest airports in Canada - Statistics

General Stats
  • This quiz has been taken 55 times
  • The average score is 8 of 10
Answer Stats
Province Total passengers Answer % Correct
Quebec 18,116,223 Montreal Pierre Elliot Trudeau International Airport
97%
Ontario 47,130,358 Toronto Person International Airport
97%
Alberta 16,275,862 Calgary International Airport
94%
British Columbia 24,166,122 Vancouver International Airport
94%
Alberta 7,807,384 Edmonton International Airport
92%
Ontario 4,839,677 Ottawa Macdonald–Cartier International Airpor
89%
Nova Scotia 4,083,188 Halifax Stanfield International Airport
83%
Manitoba 4,305,744 Winnipeg James Armstrong Richardson International Airport
81%
British Columbia 1,934,842 Victoria International Airport
78%
Ontario 2,800,000 Billy Bishop Toronto City Airport
28%
No matching quizzes found
Score Distribution
Percent of People with Each Score
Percentile by Number Answered
Your Score History
You have not taken this quiz